| 000 | 01980nam a2200421 c 4500 | ||
|---|---|---|---|
| 003 | BLK | ||
| 005 | 20250119004125.0 | ||
| 008 | 180409b bul|||||r ||||||| ||bul|| | ||
| 010 | _aKNG00135931000 | ||
| 020 |
_a978-954-320-354-3 _bиздат.: Рива |
||
| 040 | _aBLK | ||
| 041 |
_aBUL _cBUL |
||
| 072 | 7 |
_2bullib _aН92 _xИстория Н |
|
| 080 |
_aБългария (1878-1918) _b94(497.2)"1878/1918" _x _z94(497.2)"1878/1918" |
||
| 080 |
_aКорупция _b328.185 _x(497.2)(091) _z328.185(497.2)(091) |
||
| 080 |
_aСпециална част на наказателното право. Видове наказуеми действия - Срещу собствена или чужда държава и управлението, политически престъпления,геноцид(прав.аспекти), наркотрафик, против мира, обществен _b343.3/.7 _x(497.2) _z343.3/.7(497.2) |
||
| 100 | 1 |
_aПенчев, Пенчо Денчев _eпърви автор _9378084 |
|
| 139 |
_aПенчев, Пенчо Денчев _bП 36 |
||
| 245 | 1 | 0 |
_aКак се наливаха основите _bКъм ранната история на българската корупция 1879 -1912 _cПенчо Денчев Пенчев. |
| 257 | _aBGR | ||
| 260 |
_аСофия _bРива _c2011 _fВ. Търново : Абагар |
||
| 300 |
_a280 с. _c20 см |
||
| 380 | _a9 | ||
| 500 | _aБиблиогр. с. 263-278 и под линия. | ||
| 650 | 0 |
_aБългария - история, нова _9241998 |
|
| 650 | 4 |
_aКорупция - България _9271870 |
|
| 651 | 4 |
_aБългария _9241624 |
|
| 653 | _aкорупция | ||
| 653 | _aистория | ||
| 653 | _aнова история | ||
| 659 | _aН | ||
| 852 | _aЦб 257007 | ||
| 856 | 4 |
_qpdf _u |
|
| 856 | 4 |
_qpdf _u |
|
| 942 |
_cKNG _n0 _03 |
||
| 944 |
_aCR _c07.11.2012 _k _lCRON CRON |
||
| 944 |
_aED _c19.04.2013 _k |
||
| 999 |
_c130173 _d130173 |
||